000 00332nam a2200121Ia 4500
005 20251222144845.0
008 251222s9999||||xx |||||||||||||| ||spa||
082 _a339.985/D23
100 _aDancourt, Oscar
245 0 _aSobre las Políticas Macroeconómicas en el Perú:
264 _bInstituto de Estudios Peruanos
942 _cLIB
999 _c21371
_d21371